Loading...
| Science - Physics | 0 | 1 | 0 | 0 | 10 | 45 | 45.00 | 0 | 1 |
| History - American History | 0 | 1 | 0 | 0 | 10 | 95 | 95.00 | 0 | 0 |
| Religion | 0 | 1 | 0 | 1 | 10 | 136 | 136.00 | 0 | 0 |
| Science - Other Science | 0 | 1 | 0 | 0 | 10 | 44 | 44.00 | 0 | 1 |
| Fine Arts - Other Fine Arts | 0 | 1 | 0 | 0 | 10 | 74 | 74.00 | 1 | 1 |
| Literature - British Literature | 0 | 1 | 0 | 1 | 10 | 147 | 147.00 | 0 | 0 |
| Literature - World/Other Literature | 0 | 1 | 0 | 0 | 10 | 32 | 32.00 | 1 | 1 |
| Other Academic | 0 | 1 | 0 | 0 | 10 | 94 | 94.00 | 0 | 1 |
| Pop Culture | 0 | 1 | 0 | 0 | 10 | 98 | 98.00 | 0 | 0 |
| History - World History | 0 | 1 | 1 | 0 | 5 | 122 | 122.00 | 0 | 0 |
| History - European History | 0 | 0 | 1 | 0 | -5 | 0.00 | 0 | 0 | |
| History - Other History | 0 | 0 | 1 | 0 | -5 | 0.00 | 0 | 0 |